| 000 | 00450nam a2200109Ia 4500 | ||
|---|---|---|---|
| 008 | 160712s9999 xx 000 0 und d | ||
| 100 | _aPatke, Rajeev S. | ||
| 245 |
_cRajeev S. Patke _aFormalisms Revisited: A Reading of Angela Manalang Gloria and Edith Tiempo |
||
| 260 |
_c2015 _bJournal of English Studies and Comparative Literature |
||
| 650 | _xLITERATURE | ||
| 856 | _uhttp://journals.upd.edu.ph/index.php/jescl/issue/view/Special%20Edition/showToc | ||
| 999 |
_c297063 _d297063 |
||